Kafası karışık Meloş Hanım / (Record no. 23469)

MARC details
000 -BAŞLIK
Sabit Uzunluktaki Kontrol Alanı 00674nam a22002057a 4500
003 - KONTROL NUMARASI KİMLİĞİ
Kontrol Alanı koha_MIRAKIL
005 - EN SON İŞLEM TARİHİ ve ZAMANI
Kontrol Alanı 20260415085850.0
008 - SABİT UZUNLUKTAKİ VERİ ÖGELERİ - GENEL BİLGİ
Sabit Alan 260415b tur||||| |||| 00| 0 tur d
020 ## - ISBN - ULUSLARARASI STANDART KİTAP NUMARASI
Isbn 9786054969326
040 ## - KATALOGLAMA KAYNAĞI
Özgün Kataloglama Kurumu TR-IsEVY
Kataloglama Dili tur
Çeviri Kurumu TR-IsEVY
041 ## - DİL KODU
Metin ya da ses kaydının dil kodu tur
082 ## - DEWEY ONU SINIFLAMA SİSTEMİ
Sınıflama Numarası FIC KUR/K
100 ## - KİŞİ ADI
Yazar Adı (Kişi adı) Kurt, Mustafa Hakkı
245 #0 - ESER ADI BİLDİRİMİ
Başlık Kafası karışık Meloş Hanım /
Sorumluluk Bildirimi Mustafa Hakkı Kurt ; resimleyen Şebnem Aydın Gündüz.
260 ## - YAYIN, DAĞITIM, VB.
Yayın Yeri İstanbul :
Yayınevi Kelime Yayınları,
Yayın Tarihi 2016.
300 ## - FİZİKSEL TANIMLAMA
Sayfa, Cilt vb. 96 s. :
Diğer fiziki detaylar resimli ;
Boyutları 20 cm.
650 ## - KONU BAŞLIĞI EK GİRİŞ - KONU TERİMİ
Konusal terim veya coğrafi ad Çocuk Edebiyatı.
Alt başlık biçimi Çocuk Hikayeleri.
-- Merak Duygusu.
700 1# - EK GİRİŞ - KİŞİ ADI
Yazar Adı (Kişi adı) Gündüz, Şebnem Aydın.
Ünvan resimleyen.
942 ## - EK GİRİŞ ÖGELERİ (KOHA)
Source of classification or shelving scheme Dewey Decimal Classification
Koha item type Kitap
Holdings
Kayıp Durumu Sınıflandırma Kaynağı Hasarlı Durumu Koleksiyon Kodu Kalıcı Konum Mevcut Konum Kayıt Tarih Edinim Kaynağı Toplam Ödünçverme Yer Numarası Demirbaş Numarası Son Görülme Tarihi Fatura Tarihi Materyal Türü
  Dewey Decimal Classification   İlkokul İLKOKUL KÜTÜPHANESİ İLKOKUL KÜTÜPHANESİ 15/04/2026 Bağış   FIC KUR/K 25079 15/04/2026 15/04/2026 Kitap